000 00513nam a2200181Ia 4500
008 240925s9999 xx 000 0 und d
020 _a1562059424
082 _a005.4469 EDM
100 _aEdmead ,Mark T.
245 0 _aWindows NT Performance: monitoring benchmarking
250 _aNA
260 _aIndianapolis:
_bNew Riders
_c,1998.
300 _ax,262p.
_bNA
_fOriginal
500 _aIncludes Index
600 _aComputer Science
650 _aComputer science, information & general works
942 _cBK
999 _c5929
_d5929